000 00601nam a2200181 a 4500
001 000022100
005 20200930011600.0
008 100916s1972 mx a r 000 |bspa d
040 _aDO-SdBNP
_bspa
_cBNPHU
082 _axxx
_bD236h
100 1 _aDaubier, Jean
_945790
245 1 0 _aHistoria de la revolución cultural proletaria en China /
_cJean Daubier; traducción de Jaime Godec y Alejandro Licona.
260 _aMéxico D. F. :
_bSiglo Veintiuno,
_c1972.
300 _a434 p. :
_bil. ;
_c23 cm.
700 1 _aGodec, Jaime
_etr.
_945791
700 1 _aLicona, Alejandro
_etr.
_945792
049 _aBNGR
999 _c21598
_d21598